New Confirmed EAFC 25 Icons - Statistics

General Stats
  • This quiz has been taken 167 times
  • The average score is 12 of 22
Answer Stats
Position Nationality Prime Club Player % Correct
RW Wales Real Madrid Gareth Bale
99%
RM Netherlands Bayern Munich Arjen Robben
86%
GK Italy Juventus Gianluigi Buffon
76%
ST Argentina Manchester City Sergio Aguero
72%
ST Sweden PSG Zlatan Ibrahimovic
72%
LW Belgium Chelsea Eden Hazard
67%
ST Spain Barcelona David Villa
66%
CAM Spain Manchester City David Silva
65%
CB Italy Juventus Georgio Chiellini
60%
CAM Germany Arsenal Mesut Ozil
60%
LB France Manchester United Patrice Evra
57%
CF Italy Roma Francesco Totti
56%
CF Spain-Argentina Real Madrid Alfredo di Stefano
53%
CB Germany Bayern Munich Franz Beckenbauer
50%
CB Spain Barcelona Gerard Pique
50%
CM Netherlands Juventus Edgar Davids
44%
ST Argentina Fiorentina Gabriel Batistuta
39%
ST Brazil Inter Milan Adriano
38%
CAM France Juventus Michel Platini
26%
CB France Monaco Lilian Thuram
17%
CF Austrian-Czech Slavia Praha Josef Bican
13%
CF Italy Inter Milan Giuseppe Meazza
5%
No matching quizzes found
Score Distribution
Percent of People with Each Score
Percentile by Number Answered
Your Score History
You have not taken this quiz